000 00523nam a2200217Ia 4500
003 0100
008 130307s9999 xx 000 0 und d
040 _cARRUPELIB
050 _aBL87.M8 1940
100 _aMurray, Gilbert
245 _aStoic, christian and humanist
260 _aLondon
260 _bC.A.Watts & Company
260 _c1940
300 _a189p.
300 _b21 cm.
650 _aRELIGION
650 _bEthiopia--History--1490-1889
650 _cPortugal--Exploration and discovery
942 0 0 _01
999 _c84579
_d84579